Enzymatic Stabilization of Soil Using Terrazyme / (Record no. 525755)

000 -LEADER
fixed length control field 00565nam a22001937a 4500
003 - CONTROL NUMBER IDENTIFIER
control field NUST
005 - DATE AND TIME OF LATEST TRANSACTION
control field 20190704070114.0
008 - FIXED-LENGTH DATA ELEMENTS--GENERAL INFORMATION
fixed length control field 190704b ||||| |||| 00| 0 eng d
038 ## - RECORD CONTENT LICENSOR
Staff Name Attaullah.
082 ## - DEWEY DECIMAL CLASSIFICATION NUMBER
Classification number 624.15
100 ## - MAIN ENTRY--PERSONAL NAME
Personal name Ullah, Sami
9 (RLIN) 16695
245 ## - TITLE STATEMENT
Title Enzymatic Stabilization of Soil Using Terrazyme /
Statement of responsibility, etc. Sami Ullah.
260 ## - PUBLICATION, DISTRIBUTION, ETC.
Place of publication, distribution, etc. Islamabad :
Name of publisher, distributor, etc. NICE - NUST,
Date of publication, distribution, etc. 2017.
300 ## - PHYSICAL DESCRIPTION
Extent xii, 71 p. : ill. ;
Dimensions 30cm.
500 ## - GENERAL NOTE
General note Hard Cover.
650 ## - SUBJECT ADDED ENTRY--TOPICAL TERM
Topical term or geographic name entry element Geotechnical Engineering - MS Thesis.
9 (RLIN) 16696
700 ## - ADDED ENTRY--PERSONAL NAME
Personal name Dr. Liaqat Ali.
9 (RLIN) 16199
942 ## - ADDED ENTRY ELEMENTS (KOHA)
Source of classification or shelving scheme
Koha item type Thesis
Holdings
Withdrawn status Lost status Source of classification or shelving scheme Damaged status Not for loan Permanent Location Current Location Shelving location Date acquired Total Checkouts Full call number Barcode Date last seen Price effective from Koha item type
          Central Library (CL) Central Library (CL) Thesis 07/04/2019   624.15 CL-T-2021 07/05/2019 07/04/2019 Thesis
© 2023 Central Library, National University of Sciences and Technology. All Rights Reserved.